[Event "Kragero Resort Chess A 2019"]
[Site "Kragero"]
[Date "2019.02.22"]
[Round "5.10"]
[White "Castellanos Rodriguez, Renier"]
[Black "Hobber, Anders"]
[Result "1/2-1/2"]
[WhiteElo "2505"]
[BlackElo "2312"]
[Annotator "ChessBase"]
[PlyCount "86"]
[EventDate "2019.02.20"]
[EventType "swiss"]
[EventCountry "NOR"]
[SourceTitle "playchess.com"]
[Source "ChessBase"]
[SourceQuality "1"]
[TimeControl "5400+30"]

1. c4 {[%emt 0:03:07]} c6 {[%emt 0:00:00]} 2. Nf3 {[%emt 0:00:25]} d5 {[%emt 0:00:00]} 3. d4 {[%emt 0:00:27]} Nf6 {[%emt 0:00:00]} 4. e3 {[%emt 0:00:06]} a6 {[%emt 0:00:48]} 5. Nbd2 {[%emt 0:01:31]} Bf5 {[%emt 0:01:23]} 6. Nh4 {[%emt 0:00:30]} Be4 {[%emt 0:12:18]} 7. Be2 {[%emt 0:05:34]} e6 {[%emt 0:02:59]} 8. O-O {[%emt 0:00:49]} Nbd7 {[%emt 0:01:52]} 9. g3 {[%emt 0:02:13]} Bd6 {[%emt 0:02:00]} 10. Nxe4 {[%emt 0:08:27]} Nxe4 {[%emt 0:07:36]} 11. Bd3 {[%emt 0:04:49]} Nef6 {[%emt 0:06:19]} 12. c5 {[%emt 0:05:25]} Be7 {[%emt 0:03:10]} 13. b4 {[%emt 0:01:33]} e5 {[%emt 0:03:39]} 14. Bb2 {[%emt 0:07:48]} exd4 {[%emt 0:08:51]} 15. Nf5 {[%emt 0:03:24]} O-O {[%emt 0:00:48]} 16. Bxd4 {[%emt 0:07:46]} Re8 {[%emt 0:00:50]} 17. Qf3 {[%emt 0:01:13]} Bf8 {[%emt 0:01:29]} 18. Qf4 {[%emt 0:01:55]} Nh5 {[%emt 0:08:34]} 19. Qh4 {[%emt 0:07:23]} Qxh4 {[%emt 0:00:46]} 20. Nxh4 {[%emt 0:00:05]} g6 {[%emt 0:03:32]} 21. Nf3 {[%emt 0:00:32]} Bg7 {[%emt 0:02:44]} 22. a4 {[%emt 0:02:02]} Bf8 {[%emt 0:05:48]} 23. Rfc1 {[%emt 0:02:01]} Ng7 {[%emt 0:00:28]} 24. Nd2 {[%emt 0:04:27]} Ne6 {[%emt 0:03:58]} 25. Nb3 {[%emt 0:00:16]} Nxd4 {[%emt 0:01:09]} 26. exd4 {[%emt 0:00:07]} Bg7 {[%emt 0:00:21]} 27. Re1 {[%emt 0:08:11]} Nf8 {[%emt 0:04:50]} 28. Rxe8 {[%emt 0:02:50]} Rxe8 {[%emt 0:00:03]} 29. Rd1 {[%emt 0:00:15]} Ne6 {[%emt 0:01:19]} 30. Bf1 {[%emt 0:00:11]} f5 {[%emt 0:00:57]} 31. f4 {[%emt 0:01:32]} Kf7 {[%emt 0:01:32]} 32. Kf2 {[%emt 0:01:09]} g5 {[%emt 0:04:05]} 33. Bh3 {[%emt 0:04:31]} g4 {[%emt 0:04:21]} 34. Bf1 {[%emt 0:02:02]} h5 {[%emt 0:00:25]} 35. Rd3 {[%emt 0:03:57]} Bf6 {[%emt 0:01:03]} 36. Be2 {[%emt 0:00:49]} h4 {[%emt 0:01:04]} 37. Rd2 {[%emt 0:02:09]} Kg6 {[%emt 0:01:34]} 38. Bf1 {[%emt 0:02:13]} Rh8 {[%emt 0:01:17]} 39. Bg2 {[%emt 0:01:21]} Kf7 {[%emt 0:01:22]} 40. Ke3 {[%emt 0:00:17]} Re8 {[%emt 0:02:35]} 41. Kf2 {[%emt 0:01:38]} Rh8 {[%emt 0:00:14]} 42. Ke3 {[%emt 0:00:05]} Re8 {[%emt 0:00:02]} 43. Kf2 {[%emt 0:00:07]} Rh8 {[%emt 0:00:20]} 1/2-1/2

[Event "Kragero Resort Chess A 2019"]
[Site "Kragero"]
[Date "2019.02.22"]
[Round "5.11"]
[White "Mikalsen, Erlend"]
[Black "Khachatryan, Vahagn"]
[Result "0-1"]
[WhiteElo "2406"]
[BlackElo "2274"]
[Annotator "NA"]
[PlyCount "86"]
[EventDate "2019.02.20"]
[EventType "swiss"]
[EventCountry "NOR"]
[SourceTitle "playchess.com"]
[Source "ChessBase"]
[SourceQuality "1"]
[TimeControl "5400+30"]

1. e4 {[%emt 0:00:00]} c6 {[%emt 0:01:03]} 2. d4 {[%emt 0:00:00]} d5 {[%emt 0:00:05]} 3. Nc3 {[%emt 0:00:00]} dxe4 {[%emt 0:00:06]} 4. Nxe4 {[%emt 0:00:00]} Bf5 {[%emt 0:00:24]} 5. Ng3 {[%emt 0:00:00]} Bg6 {[%emt 0:00:06]} 6. h4 {[%emt 0:00:00]} h6 {[%emt 0:00:06]} 7. Nf3 {[%emt 0:00:00]} e6 {[%emt 0:00:10]} 8. Ne5 {[%emt 0:00:00]} Bh7 {[%emt 0:00:05]} 9. Bd3 {[%emt 0:00:02]} Bxd3 {[%emt 0:00:24]} 10. Qxd3 {[%emt 0:00:04]} Nd7 {[%emt 0:00:07]} 11. f4 {[%emt 0:00:07]} Ngf6 {[%emt 0:02:46]} 12. Be3 {[%emt 0:03:37]} Bb4+ {[%emt 0:09:04]} 13. c3 {[%emt 0:00:06]} Be7 {[%emt 0:00:03]} 14. O-O-O {[%emt 0:00:46]} Nxe5 {[%emt 0:05:55]} 15. fxe5 {[%emt 0:00:42]} Ng4 {[%emt 0:00:07]} 16. Ne4 {[%emt 0:02:18]} Nxe3 {[%emt 0:03:39]} 17. Qxe3 {[%emt 0:00:07]} Qd5 {[%emt 0:02:44]} 18. Kb1 {[%emt 0:00:56]} O-O-O {[%emt 0:00:06]} 19. Qe2 {[%emt 0:15:16]} c5 {[%emt 0:03:50]} 20. dxc5 {[%emt 0:04:17]} Qxe5 {[%emt 0:01:18]} 21. Qc4 {[%emt 0:00:08]} Rxd1+ {[%emt 0:09:09]} 22. Rxd1 {[%emt 0:00:05]} Rd8 {[%emt 0:00:09]} 23. Rxd8+ {[%emt 0:02:09]} Kxd8 {[%emt 0:00:14]} 24. b4 {[%emt 0:08:50]} Qd5 {[%emt 0:03:37]} 25. Qxd5+ {[%emt 0:01:18]} exd5 {[%emt 0:00:02]} 26. Ng3 {[%emt 0:00:22]} Bxh4 {[%emt 0:00:32]} 27. Nf5 {[%emt 0:00:03]} Bf6 {[%emt 0:00:20]} 28. Kc2 {[%emt 0:00:02]} Be5 {[%emt 0:03:56]} 29. Ne3 {[%emt 0:00:13]} Kd7 {[%emt 0:05:42]} 30. Nxd5 {[%emt 0:00:10]} f5 {[%emt 0:01:00]} 31. Kd3 {[%emt 0:02:16]} g5 {[%emt 0:00:44]} 32. b5 {[%emt 0:02:23]} h5 {[%emt 0:06:10]} 33. Nb4 {[%emt 0:00:37]} h4 {[%emt 0:07:44]} 34. c6+ {[%emt 0:00:03]} Kc7 {[%emt 0:07:12]} 35. c4 {[%emt 0:09:32]} g4 {[%emt 0:07:14]} 36. Ke2 {[%emt 0:02:34]} b6 {[%emt 0:06:05]} 37. Nd5+ {[%emt 0:02:04]} Kd6 {[%emt 0:02:11]} 38. a4 {[%emt 0:01:42]} f4 {[%emt 0:02:54]} 39. Kf1 {[%emt 0:08:47]} h3 {[%emt 0:04:08]} 40. gxh3 {[%emt 0:00:05]} gxh3 {[%emt 0:00:03]} 41. c7 {[%emt 0:05:44]} Kd7 {[%emt 0:00:10]} 42. c5 {[%emt 0:00:04]} bxc5 {[%emt 0:00:56]} 43. b6 {[%emt 0:00:26]} axb6 {[%emt 0:01:59]} 0-1

[Event "Kragero Resort Chess A 2019"]
[Site "Kragero"]
[Date "2019.02.22"]
[Round "5.12"]
[White "Osmak, Iulija"]
[Black "Ranaldi, Lucas"]
[Result "1/2-1/2"]
[WhiteElo "2394"]
[BlackElo "2229"]
[Annotator "ChessBase"]
[PlyCount "136"]
[EventDate "2019.02.20"]
[EventType "swiss"]
[EventCountry "NOR"]
[SourceTitle "playchess.com"]
[Source "ChessBase"]
[SourceQuality "1"]
[TimeControl "5400+30"]

1. e4 {[%emt 0:00:39]} c6 {[%emt 0:00:00]} 2. d4 {[%emt 0:00:18]} d5 {[%emt 0:00:00]} 3. e5 {[%emt 0:00:04]} Bf5 {[%emt 0:00:00]} 4. Nf3 {[%emt 0:00:06]} e6 {[%emt 0:00:04]} 5. Be2 {[%emt 0:00:03]} c5 {[%emt 0:00:06]} 6. c3 {[%emt 0:00:38]} Nc6 {[%emt 0:00:08]} 7. O-O {[%emt 0:00:11]} cxd4 {[%emt 0:04:04]} 8. Nxd4 {[%emt 0:00:07]} Nge7 {[%emt 0:05:22]} 9. Nxf5 {[%emt 0:03:19]} Nxf5 {[%emt 0:00:10]} 10. Bd3 {[%emt 0:00:16]} g6 {[%emt 0:04:00]} 11. Re1 {[%emt 0:02:24]} h5 {[%emt 0:09:07]} 12. Nd2 {[%emt 0:03:19]} Be7 {[%emt 0:03:12]} 13. Nf3 {[%emt 0:06:35]} Nh4 {[%emt 0:03:21]} 14. Nxh4 {[%emt 0:12:30]} Bxh4 {[%emt 0:00:03]} 15. Qe2 {[%emt 0:00:18]} Rc8 {[%emt 0:12:47]} 16. Bd2 {[%emt 0:02:41]} Na5 {[%emt 0:05:52]} 17. Rad1 {[%emt 0:02:44]} Kf8 {[%emt 0:02:28]} 18. Qe3 {[%emt 0:06:56]} a6 {[%emt 0:03:31]} 19. Qf4 {[%emt 0:00:58]} Kg7 {[%emt 0:01:15]} 20. Bc1 {[%emt 0:01:35]} Be7 {[%emt 0:01:32]} 21. Bf1 {[%emt 0:03:01]} h4 {[%emt 0:02:12]} 22. h3 {[%emt 0:09:40]} b5 {[%emt 0:03:18]} 23. Rd3 {[%emt 0:08:35]} Rh5 {[%emt 0:01:46]} 24. Rf3 {[%emt 0:01:33]} Qe8 {[%emt 0:01:12]} 25. b3 {[%emt 0:08:18]} Kg8 {[%emt 0:06:36]} 26. Qg4 {[%emt 0:03:53]} Nc6 {[%emt 0:02:06]} 27. Bf4 {[%emt 0:00:13]} Qd8 {[%emt 0:04:26]} 28. Bd3 {[%emt 0:01:40]} Kg7 {[%emt 0:02:18]} 29. Bh2 {[%emt 0:05:04]} Qe8 {[%emt 0:06:33]} 30. Bb1 {[%emt 0:02:43]} Bg5 {[%emt 0:00:38]} 31. Rd3 {[%emt 0:01:09]} Ne7 {[%emt 0:04:51]} 32. Qe2 {[%emt 0:05:55]} Rc6 {[%emt 0:03:13]} 33. Rf3 {[%emt 0:06:00]} Qc8 {[%emt 0:01:08]} 34. Qb2 {[%emt 0:00:28]} Bh6 {[%emt 0:00:55]} 35. Rd1 {[%emt 0:01:09]} Nf5 {[%emt 0:01:00]} 36. Kh1 {[%emt 0:01:34]} Kg8 {[%emt 0:03:29]} 37. Re1 {[%emt 0:01:09]} a5 {[%emt 0:01:09]} 38. Rg1 {[%emt 0:00:42]} b4 {[%emt 0:00:55]} 39. cxb4 {[%emt 0:00:09]} axb4 {[%emt 0:00:02]} 40. Bf4 {[%emt 0:00:21]} Rc3 {[%emt 0:01:10]} 41. Bxh6 {[%emt 0:00:21]} Rxf3 {[%emt 0:00:28]} 42. gxf3 {[%emt 0:00:05]} Nxh6 {[%emt 0:00:20]} 43. Rc1 {[%emt 0:00:42]} Qa6 {[%emt 0:01:38]} 44. Qd2 {[%emt 0:00:49]} Nf5 {[%emt 0:00:29]} 45. Qxb4 {[%emt 0:00:40]} Qe2 {[%emt 0:00:01]} 46. Qf4 {[%emt 0:00:53]} Qxf2 {[%emt 0:00:32]} 47. Bxf5 {[%emt 0:00:30]} Rxf5 {[%emt 0:00:15]} 48. Qh6 {[%emt 0:00:31]} Qxf3+ {[%emt 0:00:17]} 49. Kh2 {[%emt 0:00:14]} Qg3+ {[%emt 0:00:23]} 50. Kh1 {[%emt 0:00:04]} Qxh3+ {[%emt 0:00:19]} 51. Kg1 {[%emt 0:00:02]} Qg4+ {[%emt 0:01:07]} 52. Kh1 {[%emt 0:00:04]} Qe4+ {[%emt 0:01:10]} 53. Kg1 {[%emt 0:00:04]} Qd4+ {[%emt 0:01:16]} 54. Kh1 {[%emt 0:00:04]} Qe4+ {[%emt 0:00:14]} 55. Kg1 {[%emt 0:00:02]} Qg4+ {[%emt 0:00:08]} 56. Kh1 {[%emt 0:00:06]} Qh3+ {[%emt 0:00:54]} 57. Kg1 {[%emt 0:00:05]} Qg3+ {[%emt 0:01:32]} 58. Kh1 {[%emt 0:00:04]} Qf3+ {[%emt 0:00:13]} 59. Kg1 {[%emt 0:00:24]} Qf2+ {[%emt 0:00:04]} 60. Kh1 {[%emt 0:00:04]} Qf3+ {[%emt 0:00:57]} 61. Kg1 {[%emt 0:00:08]} Qg4+ {[%emt 0:01:20]} 62. Kh1 {[%emt 0:00:04]} Qe4+ {[%emt 0:00:44]} 63. Kg1 {[%emt 0:00:06]} Qd4+ {[%emt 0:00:23]} 64. Kh1 {[%emt 0:00:07]} Qe4+ {[%emt 0:00:13]} 65. Kg1 {[%emt 0:00:06]} Qg4+ {[%emt 0:00:24]} 66. Kh1 {[%emt 0:00:07]} Qf3+ {[%emt 0:00:20]} 67. Kg1 {[%emt 0:00:13]} Qg3+ {[%emt 0:00:56]} 68. Kh1 {[%emt 0:00:04]} Qh3+ {[%emt 0:00:44]} 1/2-1/2

[Event "Kragero Resort Chess A 2019"]
[Site "Kragero"]
[Date "2019.02.22"]
[Round "5.13"]
[White "Kaasen, Tor Fredrik"]
[Black "Birkisson, Bardur Orn"]
[Result "1-0"]
[WhiteElo "2387"]
[BlackElo "2233"]
[Annotator "NA"]
[PlyCount "73"]
[EventDate "2019.02.20"]
[EventType "swiss"]
[EventCountry "NOR"]
[SourceTitle "playchess.com"]
[Source "ChessBase"]
[SourceQuality "1"]
[TimeControl "5400+30"]

1. e4 {[%emt 0:00:00]} e5 {[%emt 0:01:07]} 2. Nf3 {[%emt 0:00:00]} Nc6 {[%emt 0:00:15]} 3. Bc4 {[%emt 0:00:00]} Bc5 {[%emt 0:01:19]} 4. O-O {[%emt 0:00:07]} Nf6 {[%emt 0:00:49]} 5. d3 {[%emt 0:00:13]} d6 {[%emt 0:02:46]} 6. c3 {[%emt 0:01:08]} a6 {[%emt 0:01:01]} 7. Bb3 {[%emt 0:00:28]} Ba7 {[%emt 0:00:16]} 8. Nbd2 {[%emt 0:00:29]} O-O {[%emt 0:00:22]} 9. h3 {[%emt 0:00:47]} Ne7 {[%emt 0:03:38]} 10. Re1 {[%emt 0:00:19]} Ng6 {[%emt 0:01:28]} 11. Nf1 {[%emt 0:01:59]} h6 {[%emt 0:03:12]} 12. Ng3 {[%emt 0:00:45]} Re8 {[%emt 0:03:41]} 13. d4 {[%emt 0:01:26]} c6 {[%emt 0:01:28]} 14. Bc2 {[%emt 0:01:27]} Be6 {[%emt 0:05:46]} 15. Be3 {[%emt 0:00:57]} Nh7 {[%emt 0:12:08]} 16. Qd2 {[%emt 0:02:17]} Nh4 {[%emt 0:06:29]} 17. Nh2 {[%emt 0:03:45]} Qf6 {[%emt 0:03:38]} 18. f4 {[%emt 0:04:01]} exf4 {[%emt 0:06:33]} 19. Bxf4 {[%emt 0:01:44]} Rad8 {[%emt 0:04:27]} 20. e5 {[%emt 0:07:13]} dxe5 {[%emt 0:00:32]} 21. Bxe5 {[%emt 0:00:36]} Qg5 {[%emt 0:01:48]} 22. Bf4 {[%emt 0:04:36]} Qe7 {[%emt 0:03:46]} 23. Bxh6 {[%emt 0:01:35]} gxh6 {[%emt 0:01:12]} 24. Qxh6 {[%emt 0:00:57]} Ng6 {[%emt 0:02:21]} 25. Bxg6 {[%emt 0:01:57]} fxg6 {[%emt 0:00:11]} 26. Qxg6+ {[%emt 0:00:05]} Kh8 {[%emt 0:00:18]} 27. Nh5 {[%emt 0:00:04]} Rd7 {[%emt 0:03:13]} 28. Ng4 {[%emt 0:07:18]} Qf7 {[%emt 0:04:52]} 29. Ne5 {[%emt 0:05:14]} Qxg6 {[%emt 0:01:17]} 30. Nxg6+ {[%emt 0:00:12]} Kg8 {[%emt 0:00:09]} 31. Ne5 {[%emt 0:00:16]} Rdd8 {[%emt 0:01:26]} 32. Re3 {[%emt 0:02:27]} Bf7 {[%emt 0:02:58]} 33. Rg3+ {[%emt 0:00:40]} Kf8 {[%emt 0:00:34]} 34. Nxf7 {[%emt 0:00:12]} Kxf7 {[%emt 0:03:36]} 35. Rg7+ {[%emt 0:00:11]} Kf8 {[%emt 0:00:15]} 36. Rf1+ {[%emt 0:00:08]} Nf6 {[%emt 0:00:05]} 37. Rxf6# {[%emt 0:00:04]} 1-0

[Event "Kragero Resort Chess A 2019"]
[Site "Kragero"]
[Date "2019.02.22"]
[Round "5.14"]
[White "Mihajlov, Sebastian"]
[Black "Vitenberg, Noam Aviv"]
[Result "0-1"]
[WhiteElo "2357"]
[BlackElo "2180"]
[Annotator "NA"]
[PlyCount "102"]
[EventDate "2019.02.20"]
[EventType "swiss"]
[EventCountry "NOR"]
[SourceTitle "playchess.com"]
[Source "ChessBase"]
[SourceQuality "1"]
[TimeControl "5400+30"]

1. d4 {[%emt 0:02:34]} Nf6 {[%emt 0:00:47]} 2. Nf3 {[%emt 0:00:16]} d5 {[%emt 0:00:58]} 3. e3 {[%emt 0:01:14]} e6 {[%emt 0:00:08]} 4. Bd3 {[%emt 0:00:07]} c5 {[%emt 0:00:13]} 5. O-O {[%emt 0:00:08]} Nc6 {[%emt 0:00:40]} 6. c3 {[%emt 0:01:01]} Bd6 {[%emt 0:01:34]} 7. Nbd2 {[%emt 0:00:49]} e5 {[%emt 0:08:23]} 8. dxc5 {[%emt 0:04:03]} Bxc5 {[%emt 0:02:38]} 9. e4 {[%emt 0:00:00]} O-O {[%emt 0:07:20]} 10. b4 {[%emt 0:12:59]} Bb6 {[%emt 0:08:38]} 11. a3 {[%emt 0:06:56]} Bg4 {[%emt 0:07:54]} 12. h3 {[%emt 0:01:25]} Bh5 {[%emt 0:03:18]} 13. Bb2 {[%emt 0:07:31]} Re8 {[%emt 0:02:51]} 14. Re1 {[%emt 0:10:25]} Qd7 {[%emt 0:11:19]} 15. exd5 {[%emt 0:16:26]} Nxd5 {[%emt 0:12:51]} 16. Nc4 {[%emt 0:01:30]} Bc7 {[%emt 0:02:12]} 17. Be4 {[%emt 0:07:02]} Rad8 {[%emt 0:08:06]} 18. Qc2 {[%emt 0:00:11]} b5 {[%emt 0:06:45]} 19. Bxh7+ {[%emt 0:06:02]} Kh8 {[%emt 0:00:46]} 20. Bf5 {[%emt 0:00:04]} Qe7 {[%emt 0:00:33]} 21. Ncd2 {[%emt 0:03:40]} Qf6 {[%emt 0:04:42]} 22. Rad1 {[%emt 0:05:43]} Nf4 {[%emt 0:01:26]} 23. Be4 {[%emt 0:00:03]} Bb6 {[%emt 0:01:32]} 24. a4 {[%emt 0:03:26]} a6 {[%emt 0:01:53]} 25. axb5 {[%emt 0:01:30]} axb5 {[%emt 0:00:06]} 26. Rf1 {[%emt 0:03:18]} Rg8 {[%emt 0:01:08]} 27. Bxc6 {[%emt 0:01:56]} Qxc6 {[%emt 0:00:06]} 28. Qf5 {[%emt 0:00:05]} f6 {[%emt 0:01:52]} 29. Kh2 {[%emt 0:01:51]} Bc7 {[%emt 0:00:48]} 30. Kh1 {[%emt 0:00:51]} Bg6 {[%emt 0:01:16]} 31. Qg4 {[%emt 0:00:01]} e4 {[%emt 0:01:17]} 32. Nd4 {[%emt 0:00:59]} Qd5 {[%emt 0:00:14]} 33. f3 {[%emt 0:00:56]} e3 {[%emt 0:00:43]} 34. Ne4 {[%emt 0:00:57]} e2 {[%emt 0:00:12]} 35. Nxe2 {[%emt 0:00:00]} Qxd1 {[%emt 0:00:06]} 36. Rxd1 {[%emt 0:00:06]} Rxd1+ {[%emt 0:00:04]} 37. Ng1 {[%emt 0:00:01]} Bh5 {[%emt 0:01:03]} 38. Qf5 {[%emt 0:00:37]} Bg6 {[%emt 0:01:02]} 39. Qxb5 {[%emt 0:00:42]} Nd3 {[%emt 0:00:51]} 40. g3 {[%emt 0:01:15]} Nxb2 {[%emt 0:00:48]} 41. Qe2 {[%emt 0:00:46]} Bb6 {[%emt 0:00:32]} 42. Nc5 {[%emt 0:00:07]} Re8 {[%emt 0:00:29]} 43. Qxb2 {[%emt 0:00:06]} Ree1 {[%emt 0:00:04]} 44. Qf2 {[%emt 0:00:29]} Be8 {[%emt 0:01:09]} 45. h4 {[%emt 0:00:33]} Bc6 {[%emt 0:00:07]} 46. Kh2 {[%emt 0:00:51]} Rxg1 {[%emt 0:00:07]} 47. Qe3 {[%emt 0:00:28]} Rh1+ {[%emt 0:00:35]} 48. Kg2 {[%emt 0:00:01]} Rdg1+ {[%emt 0:00:14]} 49. Kf2 {[%emt 0:00:01]} Rf1+ {[%emt 0:00:26]} 50. Ke2 {[%emt 0:00:00]} Bb5+ {[%emt 0:00:28]} 51. c4 {[%emt 0:00:01]} Re1+ {[%emt 0:00:15]} 0-1

[Event "Kragero Resort Chess A 2019"]
[Site "Kragero"]
[Date "2019.02.22"]
[Round "5.15"]
[White "Tryggestad, Andreas Garberg"]
[Black "Mkrtchyan, Anahit D."]
[Result "1-0"]
[WhiteElo "2351"]
[BlackElo "1841"]
[Annotator "NA"]
[PlyCount "69"]
[EventDate "2019.02.20"]
[EventType "swiss"]
[EventCountry "NOR"]
[SourceTitle "playchess.com"]
[Source "ChessBase"]
[SourceQuality "1"]
[TimeControl "5400+30"]

1. d4 {[%emt 0:00:00]} Nf6 {[%emt 0:00:00]} 2. c4 {[%emt 0:00:00]} e6 {[%emt 0:00:00]} 3. Nf3 {[%emt 0:00:00]} b6 {[%emt 0:00:00]} 4. g3 {[%emt 0:00:00]} Ba6 {[%emt 0:00:00]} 5. b3 {[%emt 0:00:00]} Bb4+ {[%emt 0:00:00]} 6. Bd2 {[%emt 0:00:00]} Be7 {[%emt 0:00:00]} 7. Bc3 {[%emt 0:00:00]} c6 {[%emt 0:00:06]} 8. Nbd2 {[%emt 0:00:00]} d5 {[%emt 0:00:06]} 9. Bg2 {[%emt 0:00:02]} Nbd7 {[%emt 0:00:08]} 10. O-O {[%emt 0:00:10]} O-O {[%emt 0:00:05]} 11. Re1 {[%emt 0:00:50]} Bb7 {[%emt 0:00:11]} 12. Ne5 {[%emt 0:01:09]} Nxe5 {[%emt 0:03:19]} 13. dxe5 {[%emt 0:00:04]} Nd7 {[%emt 0:00:04]} 14. e4 {[%emt 0:00:47]} Qc7 {[%emt 0:03:34]} 15. Qh5 {[%emt 0:04:51]} dxc4 {[%emt 0:03:42]} 16. Nxc4 {[%emt 0:00:09]} c5 {[%emt 0:06:47]} 17. f4 {[%emt 0:02:12]} b5 {[%emt 0:04:51]} 18. Ne3 {[%emt 0:00:30]} Rfd8 {[%emt 0:06:11]} 19. f5 {[%emt 0:07:19]} g6 {[%emt 0:02:07]} 20. Qh3 {[%emt 0:02:17]} Nxe5 {[%emt 0:11:38]} 21. fxe6 {[%emt 0:00:16]} Bd6 {[%emt 0:07:37]} 22. Rf1 {[%emt 0:12:58]} Rf8 {[%emt 0:05:17]} 23. Rad1 {[%emt 0:12:02]} Rae8 {[%emt 0:08:29]} 24. Bxe5 {[%emt 0:00:25]} Bxe5 {[%emt 0:00:08]} 25. Rd7 {[%emt 0:00:03]} Qb6 {[%emt 0:04:39]} 26. exf7+ {[%emt 0:00:15]} Rxf7 {[%emt 0:00:11]} 27. Rdxf7 {[%emt 0:00:20]} h5 {[%emt 0:00:10]} 28. Nd5 {[%emt 0:01:05]} Bxd5 {[%emt 0:00:40]} 29. exd5 {[%emt 0:00:02]} c4+ {[%emt 0:00:07]} 30. Kh1 {[%emt 0:00:06]} cxb3 {[%emt 0:00:14]} 31. axb3 {[%emt 0:00:13]} Rd8 {[%emt 0:02:22]} 32. Qe6 {[%emt 0:00:10]} Qxe6 {[%emt 0:00:21]} 33. dxe6 {[%emt 0:00:06]} Re8 {[%emt 0:00:12]} 34. e7 {[%emt 0:00:09]} Bg7 {[%emt 0:00:17]} 35. Bc6 {[%emt 0:00:09]} 1-0

[Event "Kragero Resort Chess A 2019"]
[Site "Kragero"]
[Date "2019.02.22"]
[Round "5.16"]
[White "Doluhanova, Evgeniya"]
[Black "Fossan, Aleksander"]
[Result "1/2-1/2"]
[WhiteElo "2348"]
[BlackElo "2040"]
[Annotator "NA"]
[PlyCount "107"]
[EventDate "2019.02.20"]
[EventType "swiss"]
[EventCountry "NOR"]
[SourceTitle "playchess.com"]
[Source "ChessBase"]
[SourceQuality "1"]
[TimeControl "5400+30"]

1. Nf3 {[%emt 0:04:51]} c5 {[%emt 0:00:00]} 2. b3 {[%emt 0:00:45]} Nf6 {[%emt 0:03:39]} 3. Bb2 {[%emt 0:00:07]} g6 {[%emt 0:00:25]} 4. c4 {[%emt 0:01:40]} Bg7 {[%emt 0:00:08]} 5. e4 {[%emt 0:00:47]} O-O {[%emt 0:01:45]} 6. d3 {[%emt 0:04:26]} Nc6 {[%emt 0:00:44]} 7. Be2 {[%emt 0:01:55]} d6 {[%emt 0:00:15]} 8. O-O {[%emt 0:00:36]} a6 {[%emt 0:04:00]} 9. Nbd2 {[%emt 0:01:15]} e5 {[%emt 0:03:39]} 10. Ne1 {[%emt 0:00:28]} Ne8 {[%emt 0:03:43]} 11. Nc2 {[%emt 0:06:59]} Nc7 {[%emt 0:00:28]} 12. a3 {[%emt 0:01:12]} b5 {[%emt 0:01:33]} 13. b4 {[%emt 0:01:27]} Ne6 {[%emt 0:08:09]} 14. Nb3 {[%emt 0:04:35]} Rb8 {[%emt 0:04:35]} 15. cxb5 {[%emt 0:02:00]} axb5 {[%emt 0:00:18]} 16. Rc1 {[%emt 0:01:30]} cxb4 {[%emt 0:10:04]} 17. Nxb4 {[%emt 0:00:14]} Nxb4 {[%emt 0:00:12]} 18. axb4 {[%emt 0:00:06]} Bb7 {[%emt 0:01:19]} 19. Na5 {[%emt 0:04:55]} Qb6 {[%emt 0:01:08]} 20. Bg4 {[%emt 0:03:36]} Bh6 {[%emt 0:03:11]} 21. Rc2 {[%emt 0:03:01]} Nd4 {[%emt 0:02:42]} 22. Bxd4 {[%emt 0:01:40]} Qxd4 {[%emt 0:02:19]} 23. Rc7 {[%emt 0:00:14]} Ba8 {[%emt 0:00:16]} 24. Qb3 {[%emt 0:02:19]} d5 {[%emt 0:01:04]} 25. Rd1 {[%emt 0:32:29]} dxe4 {[%emt 0:02:28]} 26. Rd7 {[%emt 0:02:19]} Qb6 {[%emt 0:01:16]} 27. dxe4 {[%emt 0:00:07]} Rbd8 {[%emt 0:02:26]} 28. Qc3 {[%emt 0:03:37]} Bg7 {[%emt 0:01:34]} 29. Qc5 {[%emt 0:01:17]} Qxc5 {[%emt 0:15:22]} 30. bxc5 {[%emt 0:00:06]} Rxd7 {[%emt 0:00:13]} 31. Bxd7 {[%emt 0:00:11]} Bf6 {[%emt 0:01:19]} 32. c6 {[%emt 0:01:40]} Bd8 {[%emt 0:00:47]} 33. Nb3 {[%emt 0:00:08]} Bc7 {[%emt 0:01:15]} 34. Kf1 {[%emt 0:00:35]} Rb8 {[%emt 0:01:51]} 35. Nc5 {[%emt 0:00:47]} Rb6 {[%emt 0:00:44]} 36. Rb1 {[%emt 0:06:33]} Bxc6 {[%emt 0:00:49]} 37. Bxc6 {[%emt 0:00:05]} Rxc6 {[%emt 0:00:03]} 38. Rxb5 {[%emt 0:00:04]} f6 {[%emt 0:05:05]} 39. Ke2 {[%emt 0:01:38]} Kg7 {[%emt 0:02:24]} 40. Kd3 {[%emt 0:00:41]} Bb6 {[%emt 0:01:00]} 41. Kc4 {[%emt 0:01:53]} Kf7 {[%emt 0:00:31]} 42. Kd5 {[%emt 0:00:43]} Rxc5+ {[%emt 0:01:08]} 43. Rxc5 {[%emt 0:00:04]} Bxc5 {[%emt 0:00:04]} 44. Kxc5 {[%emt 0:00:06]} Ke6 {[%emt 0:00:13]} 45. h4 {[%emt 0:05:27]} h6 {[%emt 0:00:25]} 46. f3 {[%emt 0:00:17]} Kd7 {[%emt 0:01:20]} 47. Kd5 {[%emt 0:00:19]} Ke7 {[%emt 0:00:41]} 48. g3 {[%emt 0:00:45]} g5 {[%emt 0:01:36]} 49. h5 {[%emt 0:00:43]} Kd7 {[%emt 0:00:00]} 50. g4 {[%emt 0:00:16]} Ke7 {[%emt 0:00:00]} 51. Kc6 {[%emt 0:00:14]} Ke6 {[%emt 0:00:00]} 52. Kc7 {[%emt 0:00:13]} Ke7 {[%emt 0:00:00]} 53. Kc8 {[%emt 0:00:38]} Ke8 {[%emt 0:00:00]} 54. Kc7 {[%emt 0:00:04]} 1/2-1/2